000 00472nam a22001697a 4500
003 OSt
005 20220908025501.0
008 160205b xxu||||| |||| 00| 0 eng d
040 _aMMU
_beng
_cMMU
_dMMU
050 _aPL8702 .M333 2006
100 _aMauya, Athumani B.
245 _aSemi maana na matumizi /
_cAthumani B. Mauya.
260 _aDar es Salam :
_bChuo Kikuu cha Dar es Salam,
_c2006.
300 _a156 p. :
650 _aSemi na maana
942 _2lcc
_cLOAN LOAN
999 _c16387
_d16387